The truck system : including a history of the British Truck Acts, 1465-1960.

Saved in:
Bibliographic Details
Main Author: Hilton, George W. (George Woodman)
Format: Book
Language:English
Published: Camb. : Heffer, 1960.
Subjects:
LEADER 00784nam a22001931 4500
001 c000363925
003 CARM
005 00000000000000.0
008 851113s1960 enk 0 eng d
019 1 |a 42735850  |z 4154109  |z 12460942  |z 51871731  |z 62997973  |5 LACONCORD2021 
035 |a (OCoLC)43804357  |5 LACONCORD2021 
100 1 |a Hilton, George W.  |q (George Woodman) 
245 1 4 |a The truck system :  |b including a history of the British Truck Acts, 1465-1960. 
260 |a Camb. :  |b Heffer,  |c 1960. 
650 0 |a Truck system  |z Great Britain. 
852 8 |b CARM  |h A1:AM30G0  |i B09735  |p 0440674  |f BK 
082 0 4 |a 331.2 
999 f f |i 467531dc-f144-5db6-a2e1-de0d741f6032  |s c377e24b-8676-5f98-afce-29bd47c53be8 
952 f f |p Can circulate  |a CAVAL  |b CAVAL  |c CAVAL  |d CARM 1 Store  |e B09735  |f A1:AM30G0  |h Other scheme  |i book  |m 0440674